000 00651nas a2200229 4500
001 BR9512019
003 BR-BrBNA
005 20231205094618.0
007 ta
008 230509b bl.|||p| |||| 00| 00por d
040 _aBR-BrBNA
_bpor
_cBiblioteca Nacional de Agricultura
041 _a(Pt)
072 _aL73
100 1 _aAnon.
245 1 _aNa forma aguda, doenca das mucosas e geralmente letal
650 _aBovino
650 _aMucosa
650 _aDoenca Animal
773 0 _tAgricultura e Pecuaria (Brazil)
_xISSN 0100-249x
_g(Jan-Feb 1976), no. 607 p. 21
_wBR9512019
909 _a202311
_bLúcia
_c55
_dLúcia Elande
942 _2AGRIS
_n0
_cANA
999 _c145658
_d145658